Responses for Show #3543 - Wednesday, January 19, 2000

Contestants

[<< previous game]

Brian Carlson, a TV engineer from Chicago, Illinois

Lynn Walters, a stay-at-home mom from St. Louis, Missouri

Kara McDermott, an Internet content editor from Newton, Massachusetts (whose 2-day cash winnings total $8,400)

[next game >>]

Jeopardy! Round responses

PLAYS & PLAYWRIGHTS
BRAND NAMES
POLITICS & SHOW BIZ
NATIONS OF AFRICA
HE WAS IN THAT?
ANAGRAMMED CABINET DEPARTMENTS
    $100 11
Eugene O'Neill

Lynn
    $100 16
Levi's

Lynn
    $100 6
The Waltons

Kara
    $100 26
Nigeria

Lynn
    $100 1
James Dean

Kara
    $100 21
State

Kara
    $200 12
"The Cherry Orchard"

Lynn
    $200 17
Bounty

Kara
    $200 7
Ronald Reagan

Kara
    $200 27
Kenya

Kara
    $200 2
The Empire Strikes Back

Kara
    $200 22
Defense

Kara
    $300 13
Lillian Hellman

Brian
    $300 18
Elmer

Kara
    $300 8
(L: Who is Judi Dench?)

Glenda Jackson

Lynn
Triple Stumper
    $300 28
Ghana

Kara
    $300 3
Working Girl

Kara
    $300 23
Interior

Brian
    $400 14
C.S. Lewis

Kara
    $400 19
Arrid

Kara
    $400 9
Orrin Hatch

Triple Stumper
    $400 29
(B: What is Swahili?)

French

Brian
Triple Stumper
    $400 4
Tom Bosley

Brian
    $1,000 24
(B: I'm drawing a blank.)

Education

Brian
    $500 15
"The Alchemist"

Triple Stumper
    $500 20
Speedo

Lynn
    $500 10
Douglas

Lynn
    $500 30
Uganda

Brian
    $500 5
The Graduate

Kara
    $500 25
Transportation

Kara

Scores at the first commercial break (after clue 15):

Kara Lynn Brian
$1,800 $500 $700

Scores at the end of the Jeopardy! Round:

Kara Lynn Brian
$4,000 $1,200 $100

Double Jeopardy! Round responses

FLEMISH & DUTCH MASTERS
(Alex: I hope we're talking about art!)
MILITARY MATTERS
EVERYTHING'S "GOLDEN", BABY
HOME
CHOPIN
NETWORK
(Alex: We'll give you the show, you have to identify the network.)
    $200 22
Rembrandt

Lynn
    $200 21
Mustang

Triple Stumper
    $200 6
Golden delicious

Brian
    $200 11
Fuses

Lynn
    $200 16
Piano

Lynn
    $200 1
PBS

Brian
    $400 23
Vincent Van Gogh

Triple Stumper
    $400 27
Spain

Lynn
    $400 7
Golden retriever

Kara
    $400 12
Martha Stewart

Kara
    $400 17
Paris

Triple Stumper
    $400 2
MTV

Lynn
    $800 24
Peter Paul Rubens (rubenesque)

Lynn
    $600 28
AK-47

Kara
    $600 8
Golden Calf

Brian
    $600 13
Logs/wood in your fireplace

Brian
    $600 18
George Sand

Lynn
    $600 3
(L: What is USA?)

UPN

KaraLynn
    $800 25
(less than a minute to go...)

Anthony van Dyck

Triple Stumper
    $800 29
Task force

Triple Stumper
    $800 9
The Golden Horde

Lynn
    $800 14
Smoke detectors

Lynn
    $800 19
Polonaise

Triple Stumper
    $800 4
Animal Planet

Kara
    $1000 26
Piet Mondrian

Triple Stumper
    $1000 30
Operation Barbarossa

Triple Stumper
    $1000 10
(B: What is "The Golden Rule?")

"The Golden Ass"

Brian
Triple Stumper
    $1000 15
Carpet

Triple Stumper
    $1000 20
Franz Liszt

Triple Stumper
    $1000 5
Court TV

Brian

Scores at the end of the Double Jeopardy! Round:

Kara Lynn Brian
$6,800 $5,000 $1,700

[wagering suggestions for these scores]

Final Jeopardy! Round responses

THE BOOK TRADE
(Alex: [*] for Mother's Day and [**] for Christmas.)
BrianWhat are December & May?
$1,698
LynnWhat are November and May?
$1,300
KaraWhat are November and January?
$3,201
May & December

Final scores:

Kara Lynn Brian
$3,599 $3,700 $3,398
2nd place: Sony Home Entertainment System with WebTV New champion: $3,700 3rd place: JVC Sound System & Jazz CDs

Game dynamics:

Coryat scores:

Kara Lynn Brian
$6,800 $4,800 $2,700
20 R,
0 W
15 R
(including 2 DDs),
2 W
9 R,
3 W
(including 1 DD)

Combined Coryat: $14,300

[game clues] [game scores] [suggest correction]

Game tape date: 1999-11-10
The J! Archive is created by fans, for fans. Scraping, republication, monetization, and malicious use prohibited; this site may use cookies and collect identifying information. See terms. The Jeopardy! game show and all elements thereof, including but not limited to copyright and trademark thereto, are the property of Jeopardy Productions, Inc. and are protected under law. This website is not affiliated with, sponsored by, or operated by Jeopardy Productions, Inc. Join the discussion at JBoard.tv.